Game Show Slot Machine Quiz Stats

Quiz Updated Oct 8, 2012

Challenge
Share
Tweet
Score 0/84 Timer 06:00
1 Play Today
Part1 Part2 % Correct
Part1Wheel of Fortune
97%
Part2Wheel of Fortune
97%
Part3Wheel of Fortune
97%
Part1The Newlywed Game
92.2%
Part2The Newlywed Game
92.2%
Part3The Newlywed Game
92.2%
Part1Beat the Clock
83.7%
Part2Beat the Clock
83.7%
Part3Beat the Clock
83.7%
Part1Name That Tune
81.7%
Part2Name That Tune
81.7%
Part3Name That Tune
81.7%
Part1The Dating Game
80.4%
Part2The Dating Game
80.4%
Part3The Dating Game
80.4%
Part1Tic Tac Dough
78.4%
Part2Tic Tac Dough
78.4%
Part3Tic Tac Dough
78.4%
Part1Friend or Foe
76.3%
Part2Friend or Foe
76.3%
Part3Friend or Foe
76.3%
Part1What's My Line?
74.8%
Part2What's My Line?
74.8%
Part3What's My Line?
74.8%
Part1Truth or Consequences
73.7%
Part2Truth or Consequences
73.7%
Part3Truth or Consequences
73.7%
Part1Press Your Luck
73.6%
Part1 Part2 % Correct
Part2Press Your Luck
73.6%
Part3Press Your Luck
73.6%
Part1Break the Bank
71.7%
Part2Break the Bank
71.7%
Part3Break the Bank
71.7%
Part1The Joker's Wild
69.9%
Part2The Joker's Wild
69.9%
Part3The Joker's Wild
69.9%
Part1Million Dollar Password
66%
Part2Million Dollar Password
66%
Part3Million Dollar Password
66%
Part1Three's a Crowd
61.6%
Part2Three's a Crowd
61.6%
Part3Three's a Crowd
61.6%
Part1Stump the Stars
58%
Part2Stump the Stars
58%
Part3Stump the Stars
58%
Part1Face the Music
54.2%
Part2Face the Music
54.2%
Part3Face the Music
54.2%
Part1It Takes Two
53.6%
Part2It Takes Two
53.6%
Part3It Takes Two
53.6%
Part1Double or Nothing
49.9%
Part2Double or Nothing
49.9%
Part3Double or Nothing
49.9%
Part1Family Double Dare
48.3%
Part2Family Double Dare
48.3%
Part1 Part2 % Correct
Part3Family Double Dare
48.3%
Part1Strike it Rich
48.2%
Part2Strike it Rich
48.2%
Part3Strike it Rich
48.2%
Part1Winner Take All
47.9%
Part2Winner Take All
47.9%
Part3Winner Take All
47.9%
Part1Make Me Laugh
47.7%
Part2Make Me Laugh
47.7%
Part3Make Me Laugh
47.7%
Part1Anything for Money
42.6%
Part2Anything for Money
42.6%
Part3Anything for Money
42.6%
Part1People are Funny
36.8%
Part2People are Funny
36.8%
Part3People are Funny
36.8%
Part1Two-Minute Drill
36.2%
Part2Two-Minute Drill
36.2%
Part3Two-Minute Drill
36.2%
Part1You Don't Say
33.9%
Part2You Don't Say
33.9%
Part3You Don't Say
33.9%
Part1Power of 10
33.6%
Part2Power of 10
33.6%
Part3Power of 10
33.6%
Part1Play Your Hunch
25.6%
Part2Play Your Hunch
25.6%
Part3Play Your Hunch
25.6%

You're not logged in!

Compare scores with friends on all Sporcle quizzes.
Sign Up with Email
OR
Log In

You Might Also Like...

Show Comments

Extras

Top Quizzes Today


Score Distribution

Your Account Isn't Verified!

In order to create a playlist on Sporcle, you need to verify the email address you used during registration. Go to your Sporcle Settings to finish the process.